[Event "Royal City Masters"]
[Site "Guelph CAN"]
[Date "2025.08.06"]
[Round "9.15"]
[White "Wang, Nathan"]
[Black "Xu, Leon"]
[Result "0-1"]
[WhiteElo "1993"]
[BlackElo "2046"]
[WhiteFideId "-1"]
[WhiteFideId "-1"]
[PlyCount "120"]
[GameId "2210361753706586"]
[EventDate "2025.08.01"]
[EventType "swiss"]
[EventRounds "9"]
[EventCountry "CAN"]

1. e4 e6 2. d4 d5 3. Nc3 Bb4 4. e5 c5 5. a3 Ba5 6. b4 cxd4 7. Nb5 Bc7 8. f4 Ne7 9. Nf3 Bd7 10. Nxc7+ Qxc7 11. Bd3 Ba4 12. O-O Nbc6 13. Bb2 Rc8 14. Rf2 g6 15. Qe1 Qb6 16. Re2 a5 17. g4 h5 18. h3 hxg4 19. hxg4 Kd7 20. Rb1 axb4 21. axb4 Bb5 22. Kg2 Rh6 23. Bc1 Rch8 24. Bd2 Rh3 25. Qf1 Bxd3 26. cxd3 Qb5 27. Ree1 g5 28. Qe2 Ng6 29. f5 Nf4+ 30. Bxf4 gxf4 31. Rg1 Rg3+ 32. Kf2 Rhh3 33. Rxg3 Rxg3 34. Rh1 Nxb4 35. fxe6+ fxe6 36. Rd1 Rxg4 37. Nxd4 f3 38. Qxf3 Rxd4 39. Qf7+ Kd8 40. Qf8+ Qe8 41. Qd6+ Kc8 42. Rc1+ Rc4 43. Rxc4+ dxc4 44. Qxb4 cxd3 45. Ke3 Qd7 46. Qf8+ Kc7 47. Qc5+ Kb8 48. Qf8+ Ka7 49. Qa3+ Kb6 50. Qb3+ Kc7 51. Qb4 b6 52. Kd2 Qd5 53. Qe7+ Kc6 54. Qe8+ Kc5 55. Qf8+ Kb5 56. Qe8+ Qc6 57. Qb8 Qc2+ 58. Ke3 d2 59. Qe8+ Kb4 60. Qe7+ Qc5+ 0-1

[Event "Royal City Masters U2200"]
[Site "Guelph CAN"]
[Date "2025.08.01"]
[Round "1.23"]
[White "Lukinykh, Slava"]
[Black "Velasquez, Noah"]
[Result "0-1"]
[WhiteElo "2139"]
[BlackElo "1989"]
[WhiteFideId "-1"]
[WhiteFideId "-1"]
[PlyCount "64"]
[GameId "2208738341946048"]
[EventDate "2025.08.01"]
[EventType "swiss"]
[EventRounds "9"]
[EventCountry "CAN"]

1. e4 e5 2. Nf3 Nc6 3. Bb5 Bc5 4. O-O Nd4 5. Nxd4 Bxd4 6. c3 Bb6 7. d3 c6 8. Ba4 Nf6 9. Bg5 h6 10. Be3 O-O 11. Nd2 d5 12. exd5 cxd5 13. Bxb6 Qxb6 14. Bb3 Bg4 15. Qe1 Rfe8 16. h3 Bf5 17. Qe2 Qa6 18. c4 Rad8 19. Qf3 Bg6 20. Rfd1 e4 21. dxe4 dxe4 22. Qf4 Nh5 23. Qc7 Rc8 24. Qh2 e3 25. fxe3 Qb6 26. Nf1 Rxe3 27. Qd6 Rxb3+ 28. c5 Qxd6 29. cxd6 Rb6 30. Ne3 Rd8 31. d7 Nf6 32. Rac1 Rc6 0-1

[Event "Royal City Masters U2200"]
[Site "Guelph CAN"]
[Date "2025.08.01"]
[Round "1.24"]
[White "Huang, Justin"]
[Black "Deepak, Laksshana"]
[Result "1/2-1/2"]
[WhiteElo "1988"]
[BlackElo "2135"]
[WhiteFideId "-1"]
[WhiteFideId "-1"]
[PlyCount "75"]
[GameId "2208738341991105"]
[EventDate "2025.08.01"]
[EventType "swiss"]
[EventRounds "9"]
[EventCountry "CAN"]

1. d4 Nf6 2. c4 e6 3. Nf3 d5 4. e3 Be7 5. Nbd2 O-O 6. Bd3 c5 7. b3 cxd4 8. Nxd4 e5 9. Nf5 Bb4 10. Ng3 e4 11. Be2 dxc4 12. bxc4 Qa5 13. a3 Rd8 14. Ra2 Bc3 15. Qc2 Na6 16. O-O Nc5 17. Ndxe4 Nfxe4 18. Nxe4 Nxe4 19. Qxe4 Bf5 20. Qf3 Bb1 21. Rb2 Bxb2 22. Bxb2 Bg6 23. h4 Qf5 24. h5 Qxf3 25. Bxf3 Bd3 26. Rc1 Rd7 27. Bd4 Rc7 28. Rc3 Bf5 29. Rb3 Bc8 30. Bd5 Rd7 31. a4 a6 32. a5 Re7 33. f3 h6 34. Rb6 Kh7 35. Be4+ Kg8 36. Bd5 Kh7 37. Be4+ Kg8 38. Bd5 1/2-1/2

[Event "Royal City Masters U2200"]
[Site "Guelph CAN"]
[Date "2025.08.01"]
[Round "1.25"]
[White "Lin, Austin"]
[Black "Chen, Larry"]
[Result "0-1"]
[WhiteElo "2128"]
[BlackElo "1985"]
[WhiteFideId "-1"]
[WhiteFideId "-1"]
[PlyCount "82"]
[GameId "2208738341991106"]
[EventDate "2025.08.01"]
[EventType "swiss"]
[EventRounds "9"]
[EventCountry "CAN"]

1. e4 c6 2. d4 d5 3. e5 Bf5 4. Ne2 e6 5. Ng3 Bg6 6. h4 h6 7. h5 Bh7 8. Bd3 Bxd3 9. cxd3 Qb6 10. Be3 c5 11. dxc5 Bxc5 12. d4 Qxb2 13. Nd2 Bb4 14. O-O Bxd2 15. Rb1 Qxa2 16. Bxd2 Nc6 17. Rxb7 Nge7 18. Be3 O-O 19. Qg4 Kh8 20. f4 Qa3 21. Rf3 Qa6 22. Rc7 Qb6 23. Rd7 Nxd4 24. Rxe7 Nxf3+ 25. Qxf3 d4 26. Bd2 Qb2 27. Ne4 Rab8 28. f5 d3 29. Qf4 exf5 30. Qxf5 Rbe8 31. Rxe8 Rxe8 32. Bc3 Qb3 33. Qf3 Qc4 34. Qe3 Qd5 35. Nf6 d2 36. Bxd2 gxf6 37. Qxh6+ Kg8 38. exf6 Qd4+ 39. Kh1 Qh4+ 40. Kg1 Qg3 41. Qf4 Re1+ 0-1

[Event "Royal City Masters U2200"]
[Site "Guelph CAN"]
[Date "2025.08.01"]
[Round "1.26"]
[White "Fu, Odyssey"]
[Black "Jiang, Hancy"]
[Result "1/2-1/2"]
[WhiteElo "1981"]
[BlackElo "2112"]
[WhiteFideId "-1"]
[WhiteFideId "-1"]
[PlyCount "93"]
[GameId "2208738342036163"]
[EventDate "2025.08.01"]
[EventType "swiss"]
[EventRounds "9"]
[EventCountry "CAN"]

1. e4 e5 2. Nf3 Nf6 3. Nc3 Bb4 4. Bc4 O-O 5. O-O d6 6. d3 Bg4 7. h3 Bh5 8. Bg5 c6 9. Bb3 Nbd7 10. a3 Ba5 11. g4 Bg6 12. Nh4 Nc5 13. Nxg6 hxg6 14. Ba2 Bb6 15. Kg2 Qd7 16. Qe2 Ne6 17. Bxe6 Qxe6 18. f4 exf4 19. Bxf4 d5 20. e5 Nd7 21. Na4 Bd4 22. Rae1 Rae8 23. Qd2 Bxe5 24. Bxe5 Nxe5 25. Nc5 Qc8 26. Qf4 b6 27. Rxe5 Rxe5 28. Qxe5 bxc5 29. Qc3 Qb7 30. Qxc5 Qxb2 31. Qxc6 Qxa3 32. Qxd5 Qc3 33. Rf2 a5 34. Qd7 Qb4 35. c4 a4 36. c5 Qxc5 37. Qxa4 Qd5+ 38. Qe4 Qxe4+ 39. dxe4 Re8 40. Kf3 g5 41. Rb2 Ra8 42. Rb5 f6 43. e5 Ra3+ 44. Kg2 Kf7 45. exf6 gxf6 46. Rf5 Kg6 47. Kh2 1/2-1/2

[Event "Royal City Masters U2200"]
[Site "Guelph CAN"]
[Date "2025.08.01"]
[Round "1.27"]
[White "Nassif, Aba"]
[Black "Ming, Wenyang"]
[Result "0-1"]
[WhiteElo "2100"]
[BlackElo "1974"]
[WhiteFideId "-1"]
[WhiteFideId "-1"]
[PlyCount "84"]
[GameId "2208738342064836"]
[EventDate "2025.08.01"]
[EventType "swiss"]
[EventRounds "9"]
[EventCountry "CAN"]

1. e4 c5 2. a3 Nf6 3. e5 Nd5 4. d4 cxd4 5. Qxd4 e6 6. Nf3 Nc6 7. Qd1 d6 8. c4 Nb6 9. Bg5 Qc7 10. Nc3 dxe5 11. Nb5 Qb8 12. b4 f6 13. Be3 Be7 14. Bc5 O-O 15. Bd6 Bxd6 16. Nxd6 Bd7 17. c5 Nc8 18. Nb5 Be8 19. Bc4 Bf7 20. Qb3 a6 21. Nc3 Nd4 22. Nxd4 exd4 23. Ne2 e5 24. O-O Qc7 25. Ng3 Bxc4 26. Qxc4+ Qf7 27. Qd3 Ne7 28. f4 Qd5 29. f5 a5 30. Rae1 axb4 31. axb4 Ra4 32. Re4 Rxb4 33. Rg4 Rb3 34. Qd2 Kh8 35. Qa5 b6 36. Qa7 Qxc5 37. Ne4 Qb4 38. Qd7 Rb1 39. Nd6 Rxf1+ 40. Kxf1 Ra8 41. Kf2 Qd2+ 42. Kg3 Ra3+ 0-1

[Event "Royal City Masters U2200"]
[Site "Guelph CAN"]
[Date "2025.08.01"]
[Round "1.28"]
[White "Achyuth, Akshaj"]
[Black "Qian, Eric"]
[Result "0-1"]
[WhiteElo "1971"]
[BlackElo "2097"]
[WhiteFideId "-1"]
[WhiteFideId "-1"]
[PlyCount "108"]
[GameId "2208738342073029"]
[EventDate "2025.08.01"]
[EventType "swiss"]
[EventRounds "9"]
[EventCountry "CAN"]

1. e4 e5 2. Nf3 Nc6 3. Bc4 Nf6 4. d3 Bc5 5. c3 d6 6. a4 a5 7. h3 h6 8. Nbd2 O-O 9. O-O Ba7 10. Re1 Be6 11. Qb3 Qd7 12. Nf1 Ne7 13. Be3 Bxe3 14. Rxe3 Ng6 15. d4 Bxc4 16. Qxc4 c6 17. dxe5 dxe5 18. Ng3 Rad8 19. Qc5 Qc7 20. b4 axb4 21. cxb4 Rd7 22. Rc3 Qb8 23. a5 Rfd8 24. Kh2 Rd1 25. Ra2 R8d3 26. a6 Rxc3 27. a7 Qe8 28. Qxc3 Rd8 29. Qc5 Ra8 30. Nd2 Qe6 31. Ra1 Nd7 32. Qc3 Ne7 33. Nb3 b6 34. Qd3 c5 35. Nf5 Nxf5 36. exf5 Qc6 37. bxc5 bxc5 38. Ra6 Qc7 39. Qd5 Rxa7 40. Rc6 Qb8 41. Nxc5 e4+ 42. g3 Nf6 43. Qc4 Qb2 44. Nxe4 Nxe4 45. Qxe4 Qxf2+ 46. Qg2 Qxf5 47. Qc2 Qxc2+ 48. Rxc2 g5 49. Kg2 Kg7 50. Rc3 Ra2+ 51. Kf3 Rh2 52. Kg4 Kg6 53. Rc6+ f6 54. Rc1 Rf2 0-1

[Event "Royal City Masters U2200"]
[Site "Guelph CAN"]
[Date "2025.08.01"]
[Round "1.29"]
[White "Winfield, Jordan"]
[Black "Oancea, Nicolae"]
[Result "1-0"]
[WhiteElo "1890"]
[BlackElo "2084"]
[WhiteFideId "-1"]
[WhiteFideId "-1"]
[PlyCount "187"]
[GameId "2208738342073030"]
[EventDate "2025.08.01"]
[EventType "swiss"]
[EventRounds "9"]
[EventCountry "CAN"]

1. c4 Nf6 2. Nf3 g6 3. d4 Bg7 4. Nc3 O-O 5. e4 d6 6. Bf4 Na6 7. e5 Nh5 8. Be3 c6 9. h3 f5 10. exf6 Nxf6 11. Be2 Qc7 12. Qb3 Bd7 13. O-O Nh5 14. Ng5 Nf4 15. Rad1 Nxe2+ 16. Nxe2 h6 17. Ne4 Rf7 18. Nf4 g5 19. Nh5 Bf8 20. Bxg5 hxg5 21. Nxg5 Rg7 22. Nxg7 Bxg7 23. Qf3 Rf8 24. Qh5 Rf6 25. Rde1 Qd8 26. Qh7+ Kf8 27. Qe4 Bf5 28. Qxf5 Rxf5 29. Ne6+ Ke8 30. Nxg7+ Kf7 31. Nxf5 e6 32. Nh6+ Ke7 33. Re3 Qf8 34. Ng4 Qf4 35. Rfe1 Nc7 36. Rd1 a5 37. Rdd3 b5 38. cxb5 Nd5 39. Re1 cxb5 40. Ne3 Nc7 41. Rc3 Kd7 42. Rec1 Ne8 43. d5 e5 44. Rc6 Qb4 45. b3 Qd2 46. R1c2 Qe1+ 47. Nf1 Qd1 48. Rd2 Qe1 49. Ra6 Nf6 50. Rxa5 Ne4 51. Ra7+ Kc8 52. Rc2+ Kb8 53. Rh7 Nc3 54. g3 b4 55. Rh4 Nxd5 56. Rd2 Nc3 57. Rxb4+ Ka7 58. Rc4 Nb5 59. a4 Nd4 60. Rcxd4 exd4 61. Rxd4 Qe5 62. Rf4 d5 63. Ne3 d4 64. Rf7+ Ka6 65. Nc4 Qe1+ 66. Kg2 Qe6 67. Rf4 Qd5+ 68. Kf1 d3 69. Ke1 Qe6+ 70. Ne3 Qxb3 71. Kd2 Qb1 72. h4 Kb7 73. h5 Qh1 74. Rf5 Qa1 75. Kxd3 Qxa4 76. g4 Kc7 77. g5 Qa6+ 78. Ke4 Qc6+ 79. Ke5 Kd7 80. Rf7+ Ke8 81. Rf6 Qc3+ 82. Kf5 Qd3+ 83. Kg4 Qe4+ 84. Rf4 Qe6+ 85. Nf5 Qe2+ 86. Kh4 Qd2 87. Kg3 Qd1 88. h6 Qg1+ 89. Kh4 Kf7 90. Ng3+ Kg6 91. Rf6+ Kh7 92. Rf7+ Kg8 93. g6 Qh2+ 94. Kg5 1-0

[Event "Royal City Masters U2200"]
[Site "Guelph CAN"]
[Date "2025.08.01"]
[Round "1.30"]
[White "Bluvshtein, Ilia"]
[Black "Husic, Elvis"]
[Result "1-0"]
[WhiteElo "2081"]
[BlackElo "1885"]
[WhiteFideId "-1"]
[WhiteFideId "-1"]
[PlyCount "93"]
[GameId "2208738342105799"]
[EventDate "2025.08.01"]
[EventType "swiss"]
[EventRounds "9"]
[EventCountry "CAN"]

1. e4 c5 2. Nf3 d6 3. d4 cxd4 4. Nxd4 Nf6 5. Nc3 Bd7 6. Bg5 e5 7. Nf5 Bxf5 8. exf5 Be7 9. Qd2 a6 10. O-O-O Nbd7 11. g3 O-O 12. Bg2 Qa5 13. Kb1 Rfe8 14. Nd5 Qxd2 15. Nxe7+ Rxe7 16. Rxd2 h6 17. Be3 d5 18. Bxd5 Nxd5 19. Rxd5 Nf6 20. Rd6 Ne4 21. Rd5 Nf6 22. Rd6 Ne4 23. Rd3 b5 24. Rhd1 Ree8 25. c3 Nf6 26. h3 h5 27. Rd6 Rec8 28. Rb6 Ne4 29. Rd7 Nf6 30. Rdd6 Ne4 31. Rd3 Rc7 32. Kc2 Re7 33. Kb3 Rc7 34. Rd5 f6 35. Kc2 Rac8 36. Kd3 Rc4 37. b3 Nxf2+ 38. Bxf2 Rxc3+ 39. Ke2 e4 40. Be3 Rc2+ 41. Rd2 R2c6 42. Rxc6 Rxc6 43. Bd4 Rc1 44. Ke3 Re1+ 45. Kf4 Rh1 46. h4 Re1 47. Bf2 1-0

[Event "Royal City Masters U2200"]
[Site "Guelph CAN"]
[Date "2025.08.01"]
[Round "1.31"]
[White "Lazarev, Shon"]
[Black "Varakunan, Cadiron"]
[Result "1-0"]
[WhiteElo "1872"]
[BlackElo "2062"]
[WhiteFideId "-1"]
[WhiteFideId "-1"]
[PlyCount "105"]
[GameId "2208738342105800"]
[EventDate "2025.08.01"]
[EventType "swiss"]
[EventRounds "9"]
[EventCountry "CAN"]

1. d4 Nf6 2. c4 e6 3. g3 d5 4. Bg2 dxc4 5. Nf3 c5 6. Ne5 cxd4 7. Qa4+ Nbd7 8. Nxc4 a6 9. Ne5 Bc5 10. O-O O-O 11. Nd3 Ba7 12. Bf4 Re8 13. Nd2 e5 14. Bg5 h6 15. Bxf6 Nxf6 16. Rac1 e4 17. Nc5 Bxc5 18. Rxc5 b6 19. Rcc1 Bb7 20. Nb3 Re7 21. Qxd4 Rd7 22. Qa4 b5 23. Qa3 Rd6 24. e3 a5 25. Nd4 Qd7 26. b3 b4 27. Qb2 Ng4 28. Bh3 f5 29. Rc5 g6 30. Bxg4 fxg4 31. Rfc1 Rc8 32. Rxc8+ Bxc8 33. Qc2 Bb7 34. Qc5 Rd5 35. Qb6 Rd6 36. Qxa5 Qf7 37. Rc7 Rd7 38. Rxd7 Qxd7 39. Qxb4 Ba6 40. Qb6 Qc8 41. Qxg6+ Kh8 42. Qxh6+ Kg8 43. Qe6+ Qxe6 44. Nxe6 Kf7 45. Nc5 Bc8 46. Kf1 Kf6 47. Nxe4+ Ke5 48. Nc3 Kd6 49. Ke2 Kc5 50. a3 Be6 51. Ne4+ Kb5 52. Nd2 Kc5 53. Kd3 1-0

[Event "Royal City Masters U2200"]
[Site "Guelph CAN"]
[Date "2025.08.01"]
[Round "1.32"]
[White "Heran-Boily, Samuel"]
[Black "Fu, Ashley"]
[Result "1-0"]
[WhiteElo "2058"]
[BlackElo "1867"]
[WhiteFideId "-1"]
[WhiteFideId "-1"]
[PlyCount "47"]
[GameId "2208738342134473"]
[EventDate "2025.08.01"]
[EventType "swiss"]
[EventRounds "9"]
[EventCountry "CAN"]

1. e4 c5 2. Nf3 Nc6 3. Bb5 g6 4. O-O Bg7 5. c3 e5 6. d3 Nge7 7. Be3 d6 8. d4 cxd4 9. cxd4 exd4 10. Bxd4 O-O 11. Bxg7 Kxg7 12. Nc3 a6 13. Be2 Ne5 14. Qd2 Qb6 15. Rfd1 Nxf3+ 16. Bxf3 Rd8 17. e5 d5 18. Qg5 Qc5 19. Qf6+ Kg8 20. Ne4 Qc7 21. Ng5 Nc6 22. Bxd5 Nxe5 23. Bxf7+ Nxf7 24. Nxf7 1-0

[Event "Royal City Masters U2200"]
[Site "Guelph CAN"]
[Date "2025.08.01"]
[Round "1.33"]
[White "Chertkow, Matthew"]
[Black "Iordanescu, Victor Nicolae"]
[Result "0-1"]
[WhiteElo "1855"]
[BlackElo "2038"]
[WhiteFideId "-1"]
[WhiteFideId "-1"]
[PlyCount "62"]
[GameId "2208738342142666"]
[EventDate "2025.08.01"]
[EventType "swiss"]
[EventRounds "9"]
[EventCountry "CAN"]

1. e4 c5 2. d4 cxd4 3. c3 dxc3 4. Nxc3 Nc6 5. Nf3 a6 6. Bc4 b5 7. Bb3 e6 8. O-O Na5 9. Bf4 Nxb3 10. Qxb3 Bb7 11. Rfe1 Bc5 12. Nd5 exd5 13. exd5+ Kf8 14. d6 Bxf3 15. Qxf3 Rc8 16. Rac1 Nf6 17. Rcd1 Rc6 18. Qb3 Qb6 19. Re7 Bxf2+ 20. Kf1 Rc4 21. Qf3 Qa7 22. Bg5 Bh4 23. Be3 Qb8 24. g3 Rc6 25. Rxd7 Nxd7 26. Qxc6 Ne5 27. Qd5 Nc4 28. Bf4 Bd8 29. b3 Nb6 30. Qf5 Kg8 31. h4 h5 {...} 0-1

[Event "Royal City Masters U2200"]
[Site "Guelph CAN"]
[Date "2025.08.01"]
[Round "1.34"]
[White "Colvin, Andrew"]
[Black "Li, Jerry"]
[Result "1-0"]
[WhiteElo "2034"]
[BlackElo "1819"]
[WhiteFideId "-1"]
[WhiteFideId "-1"]
[PlyCount "105"]
[GameId "2208738342154955"]
[EventDate "2025.08.01"]
[EventType "swiss"]
[EventRounds "9"]
[EventCountry "CAN"]

1. e4 c5 2. c3 Nf6 3. e5 Nd5 4. Nf3 g6 5. d4 cxd4 6. cxd4 Bg7 7. Qb3 e6 8. Be2 O-O 9. Nc3 Nxc3 10. bxc3 d6 11. Ba3 Re8 12. Bxd6 Nc6 13. O-O b6 14. Nd2 Bb7 15. Bb5 a6 16. Bxc6 Bxc6 17. f4 Bh6 18. c4 b5 19. c5 Qa5 20. Qe3 Bd5 21. Ne4 Bg7 22. Nf6+ Bxf6 23. exf6 Kh8 24. Qe1 Qxe1 25. Rfxe1 a5 26. Rec1 Rec8 27. a3 Ra7 28. Rab1 Rb7 29. Rb2 a4 30. Kf2 h5 31. Ke3 Kh7 32. Kd3 Bc6 33. Kc3 Rg8 34. h4 Rc8 35. Kb4 Ra8 36. Rg1 Rh8 37. Re2 Bd5 38. Re5 Bc6 39. g4 hxg4 40. Rxg4 Kg8 41. Re3 Rh5 42. Rh3 Be4 43. Rg5 Rh6 44. h5 Bc6 45. Rhg3 Be4 46. Re5 Bd5 47. Rxd5 exd5 48. c6 Ra7 49. Bb8 Rxh5 50. Bxa7 Rh8 51. c7 Kh7 52. Rh3+ Kg8 53. c8=R# 1-0

[Event "Royal City Masters U2200"]
[Site "Guelph CAN"]
[Date "2025.08.01"]
[Round "1.35"]
[White "Cheung, Oscar"]
[Black "Zhan, Jayden"]
[Result "0-1"]
[WhiteElo "1815"]
[BlackElo "2030"]
[WhiteFideId "-1"]
[WhiteFideId "-1"]
[PlyCount "136"]
[GameId "2208738342167244"]
[EventDate "2025.08.01"]
[EventType "swiss"]
[EventRounds "9"]
[EventCountry "CAN"]

1. e4 c5 2. Nf3 e6 3. Nc3 a6 4. a3 b6 5. d3 Nc6 6. Be2 Bb7 7. h3 h6 8. b3 g6 9. Bb2 Bg7 10. Qc1 Nd4 11. Nxd4 cxd4 12. Nb1 Rc8 13. a4 d5 14. Bf3 Ne7 15. O-O O-O 16. Qd2 g5 17. c4 Ng6 18. g3 dxc4 19. bxc4 f5 20. Bh5 Ne5 21. f4 gxf4 22. gxf4 Qh4 23. fxe5 Qxh5 24. Qg2 fxe4 25. Bxd4 Rxf1+ 26. Qxf1 exd3 27. Qxd3 Rf8 28. Ra2 Qg5+ 29. Kh2 Qf4+ 30. Kg1 Rf5 31. Rf2 Qc1+ 32. Qf1 Rg5+ 33. Kh2 Rg2+ 34. Qxg2 Bxg2 35. Rxg2 Qxb1 36. c5 bxc5 37. Bxc5 Qe4 38. Bd6 Qxa4 39. Rg4 Qb5 40. Kg3 Kh7 41. Kf4 Qf1+ 42. Kg3 a5 43. Rf4 Qe1+ 44. Kg4 a4 45. h4 Qg1+ 46. Kh3 Bxe5 47. Bxe5 Qe3+ 48. Kg4 Qxe5 49. Rxa4 Qf5+ 50. Kg3 Qd3+ 51. Kf4 e5+ 52. Kxe5 Qb5+ 53. Kf6 Qxa4 54. h5 Qf4+ 55. Ke6 Qg4+ 56. Ke5 Qxh5+ 57. Kf4 Qg6 58. Kf3 h5 59. Kf4 h4 60. Kf3 h3 61. Kf4 h2 62. Ke3 h1=Q 63. Kf4 Qf1+ 64. Ke3 Qgg2 65. Kd4 Qf5 66. Ke3 Qg3+ 67. Ke2 Qff2+ 68. Kd1 Qgg1# 0-1

[Event "Royal City Masters U2200"]
[Site "Guelph CAN"]
[Date "2025.08.01"]
[Round "1.36"]
[White "Filipovich, David"]
[Black "Syed, Farhaan"]
[Result "1-0"]
[WhiteElo "2020"]
[BlackElo "1815"]
[WhiteFideId "-1"]
[WhiteFideId "-1"]
[PlyCount "89"]
[GameId "2208738342171341"]
[EventDate "2025.08.01"]
[EventType "swiss"]
[EventRounds "9"]
[EventCountry "CAN"]

1. Nf3 Nf6 2. g3 g6 3. Bg2 Bg7 4. O-O O-O 5. d4 d5 6. c4 c6 7. cxd5 cxd5 8. Nc3 Nc6 9. Ne5 Bf5 10. Nxc6 bxc6 11. Bf4 Nd7 12. Qd2 Qb6 13. Rfd1 e5 14. dxe5 Nxe5 15. Be3 Qc7 16. b3 Rad8 17. Bd4 c5 18. Bxe5 Qxe5 19. Nxd5 Qxa1 20. Rxa1 Bxa1 21. Qc1 Be5 22. Ne7+ Kh8 23. Nc6 Rde8 24. Qxc5 Bg7 25. e3 Rc8 26. b4 Rc7 27. a4 Rfc8 28. h4 Bd7 29. b5 Bxc6 30. Bxc6 a6 31. Qb6 axb5 32. axb5 Kg8 33. Kg2 Re7 34. Qa6 Rb8 35. b6 Be5 36. Qb5 Bd6 37. Qd5 Be5 38. f4 Bc3 39. Qd6 Reb7 40. Bxb7 Rxb7 41. Qc6 Rb8 42. Qc7 Rf8 43. Qxc3 f6 44. b7 Kg7 45. b8=Q 1-0

[Event "Royal City Masters U2200"]
[Site "Guelph CAN"]
[Date "2025.08.01"]
[Round "1.37"]
[White "Runstedler, Albert"]
[Black "Ramesan, Raunak Amit"]
[Result "0-1"]
[WhiteElo "1811"]
[BlackElo "2016"]
[WhiteFideId "-1"]
[WhiteFideId "-1"]
[PlyCount "72"]
[GameId "2208738342179534"]
[EventDate "2025.08.01"]
[EventType "swiss"]
[EventRounds "9"]
[EventCountry "CAN"]

1. Nf3 d5 2. d4 Nf6 3. c4 e6 4. g3 Bb4+ 5. Bd2 Be7 6. Bg2 O-O 7. O-O c6 8. Qc2 Nbd7 9. Rd1 b6 10. cxd5 cxd5 11. Nc3 Bb7 12. Rac1 Rc8 13. Qb3 a6 14. Ne5 Nxe5 15. dxe5 Nd7 16. Be3 b5 17. f4 Bc5 18. Bxc5 Nxc5 19. Qb4 Qb6 20. e3 Na4 21. Rd4 Rc4 22. Rxc4 Qxe3+ 23. Kf1 Qxc1+ 24. Kf2 dxc4 25. Ne2 Qxb2 26. Qxb2 Nxb2 27. Bxb7 Nd3+ 28. Ke3 Nc5 29. Bf3 Rd8 30. Nd4 c3 31. Bd1 b4 32. Bc2 a5 33. g4 a4 34. Nc6 b3 35. axb3 axb3 36. Bxb3 Nxb3 0-1

[Event "Royal City Masters U2200"]
[Site "Guelph CAN"]
[Date "2025.08.01"]
[Round "1.38"]
[White "Desforges, Jean"]
[Black "Fischer, Jacob"]
[Result "0-1"]
[WhiteElo "2013"]
[BlackElo "1809"]
[WhiteFideId "-1"]
[WhiteFideId "-1"]
[PlyCount "68"]
[GameId "2208738342187727"]
[EventDate "2025.08.01"]
[EventType "swiss"]
[EventRounds "9"]
[EventCountry "CAN"]

1. d4 Nf6 2. c4 g6 3. Nc3 Bg7 4. e4 d6 5. f3 O-O 6. Be3 e5 7. Nge2 exd4 8. Nxd4 Nc6 9. Qd2 Re8 10. O-O-O Be6 11. Nxe6 fxe6 12. Be2 Qe7 13. Bg5 Rad8 14. h4 Ne5 15. h5 c6 16. hxg6 hxg6 17. Rde1 d5 18. exd5 cxd5 19. cxd5 Qc5 20. Qe3 Qxe3+ 21. Bxe3 exd5 22. Bb5 d4 23. Bxe8 Nd3+ 24. Kb1 Nxe1 25. Bb5 Nxg2 26. Bc4+ Kf8 27. Bf2 dxc3 28. Bc5+ Ke8 29. Bb5+ Kf7 30. Bc4+ Nd5 31. Rd1 Ngf4 32. Be3 c2+ 33. Kxc2 Rc8 34. b3 Rxc4+ 0-1

[Event "Royal City Masters U2200"]
[Site "Guelph CAN"]
[Date "2025.08.01"]
[Round "1.39"]
[White "Satish Alwar, Dharsan"]
[Black "Both, Aaron"]
[Result "0-1"]
[WhiteElo "1792"]
[BlackElo "2000"]
[WhiteFideId "-1"]
[WhiteFideId "-1"]
[PlyCount "60"]
[GameId "2208738342195920"]
[EventDate "2025.08.01"]
[EventType "swiss"]
[EventRounds "9"]
[EventCountry "CAN"]

1. d4 f5 2. Nf3 Nf6 3. e3 g6 4. c4 Bg7 5. Nc3 O-O 6. Bd3 d6 7. O-O Nc6 8. e4 fxe4 9. Nxe4 Bg4 10. Be3 Nh5 11. Be2 Nf4 12. Ned2 Nxe2+ 13. Qxe2 Bxd4 14. c5 e5 15. Bh6 Rf7 16. Qe4 Qd7 17. Ng5 d5 18. Qc2 Rf5 19. h3 Be2 20. g4 Bxg4 21. hxg4 Rxg5 22. Bxg5 Qxg4+ 23. Kh2 Qh5+ 24. Kg2 Qxg5+ 25. Kh2 e4 26. f4 Qh5+ 27. Kg2 Qg4+ 28. Kh2 Be3 29. Nb3 Bxf4+ 30. Kh1 Qh3+ 0-1

[Event "Royal City Masters U2200"]
[Site "Guelph CAN"]
[Date "2025.08.01"]
[Round "1.40"]
[White "Dembla, Shabd"]
[Black "Tian, Dylan"]
[Result "1-0"]
[WhiteElo "2000"]
[BlackElo "1769"]
[WhiteFideId "-1"]
[WhiteFideId "-1"]
[PlyCount "72"]
[GameId "2208738342200017"]
[EventDate "2025.08.01"]
[EventType "swiss"]
[EventRounds "9"]
[EventCountry "CAN"]

1. d4 Nf6 2. Bf4 e6 3. e3 b6 4. Nf3 Bb7 5. Nbd2 Be7 6. Bd3 Nh5 7. Be5 d6 8. Bg3 Nd7 9. c3 c5 10. Qa4 Nxg3 11. hxg3 g6 12. O-O a6 13. dxc5 bxc5 14. e4 O-O 15. Nc4 Qc7 16. Rad1 Rfd8 17. Rfe1 Rac8 18. Qc2 Nb6 19. Qe2 Nxc4 20. Bxc4 Qb6 21. Qe3 Bf8 22. Qf4 Rd7 23. Qg4 Re8 24. Ng5 Rde7 25. Re2 h6 26. Nf3 Qc6 27. Qf4 Rc7 28. g4 Qa4 29. b3 Qc6 30. g5 h5 31. g4 hxg4 32. Nh2 e5 33. Qf6 Kh7 34. Bxf7 Bg7 35. Qxg6+ Kh8 36. Qh5+ Bh6 1-0

[Event "Royal City Masters U2200"]
[Site "Guelph CAN"]
[Date "2025.08.02"]
[Round "2.20"]
[White "Nguyen, Minh Thong"]
[Black "Dembla, Shabd"]
[Result "0-1"]
[WhiteElo "2147"]
[BlackElo "2000"]
[WhiteFideId "-1"]
[WhiteFideId "-1"]
[PlyCount "170"]
[GameId "2208738461119327"]
[EventDate "2025.08.01"]
[EventType "swiss"]
[EventRounds "9"]
[EventCountry "CAN"]

1. e4 c6 2. d4 d5 3. e5 Bf5 4. h4 h5 5. Bd3 Bxd3 6. Qxd3 Qa5+ 7. Nd2 e6 8. Ngf3 Ne7 9. O-O Nf5 10. c4 Be7 11. cxd5 cxd5 12. g3 O-O 13. Rd1 Rc8 14. Nf1 Na6 15. a3 Nb4 16. Qb1 Nc2 17. Ra2 Qb5 18. Bf4 Qe2 19. Kg2 Qe4 20. b4 Rc3 21. N1d2 Qd3 22. Rc1 Nfxd4 23. Nxd4 Nxd4 24. Qxd3 Rxd3 25. Rc7 Bf8 26. Rxb7 a5 27. bxa5 Rxa3 28. Rxa3 Bxa3 29. Be3 Nc6 30. Nb1 Nxa5 31. Rb5 Nc4 32. Bd4 Bc1 33. f4 Be3 34. Bxe3 Nxe3+ 35. Kf3 Nf5 36. Rb4 Rc8 37. g4 hxg4+ 38. Kxg4 Rc1 39. h5 Rg1+ 40. Kf3 Rh1 41. Nd2 Rxh5 42. Nf1 Rh3+ 43. Kg2 Rc3 44. Nh2 d4 45. Nf3 d3 46. Ng5 Rc8 47. Ne4 Rd8 48. Rb2 Ne3+ 49. Kf3 Nc4 50. Rb1 d2 51. Rd1 Rd3+ 52. Kf2 Kh7 53. Ng5+ Kg6 54. Ke2 Re3+ 55. Kf2 Rd3 56. Ke2 Rd4 57. Rg1 d1=Q+ 58. Rxd1 Rxd1 59. Kxd1 Nxe5 60. Nh3 Nd7 61. Ke2 e5 62. Ke3 exf4+ 63. Kxf4 f6 64. Nf2 f5 65. Nd1 Kf6 66. Ne3 g5+ 67. Kf3 Ne5+ 68. Kg2 f4 69. Nd5+ Kf5 70. Kh3 g4+ 71. Kg2 Kg5 72. Kf2 g3+ 73. Kg2 Kg4 74. Nf6+ Kh4 75. Ne4 f3+ 76. Kh1 Ng4 77. Nd2 f2 78. Nf1 Ne3 79. Nxg3 Kg4 80. Nf1 Kf3 81. Ng3 Nf5 82. Nf1 Ke2 83. Nh2 Nh4 84. Nf1 Kxf1 85. Kh2 Ke2 0-1

[Event "Royal City Masters U2200"]
[Site "Guelph CAN"]
[Date "2025.08.02"]
[Round "2.21"]
[White "Qian, Eric"]
[Black "Yin, Zeming"]
[Result "1-0"]
[WhiteElo "2097"]
[BlackElo "1999"]
[WhiteFideId "-1"]
[WhiteFideId "-1"]
[PlyCount "73"]
[GameId "2208738461127520"]
[EventDate "2025.08.01"]
[EventType "swiss"]
[EventRounds "9"]
[EventCountry "CAN"]

1. Nf3 Nf6 2. c4 e6 3. g3 d5 4. Bg2 Be7 5. O-O O-O 6. b3 b6 7. Bb2 Bb7 8. e3 c5 9. Nc3 dxc4 10. bxc4 Ne4 11. Ne2 Bf6 12. Bxf6 Nxf6 13. d3 Qc7 14. Nc3 Nc6 15. Qe2 Rad8 16. Rad1 h6 17. Ne1 Rfe8 18. f4 Nb4 19. Nf3 Re7 20. Rd2 Nc6 21. Ne1 h5 22. Nc2 Red7 23. e4 Nd4 24. Nxd4 cxd4 25. Nd1 Qc5 26. h3 Qa5 27. Rb2 Rc7 28. e5 Nd7 29. Qxh5 Nc5 30. Qe2 Ba6 31. Nf2 Na4 32. Rb3 Nc3 33. Qb2 b5 34. Ra3 Qb6 35. Ne4 Bb7 36. c5 Qc6 37. Nf6+ 1-0